000 01365nam0a2200373 4500
001 RU\NLR\bibl\375551
005 20260409074446.0
021 _aRU
_b2002-63273
_93075
035 _a(NLR Aleph) 000370022
090 _a389714
_c389714
100 _a20030219d2002 |||y0rusy50 ca
101 0 _arus
102 _aRU
105 _ay |||||||||
200 1 _aРусская идея, век XXI-й
_e("Что делать и чего не делать")
_fАлександр Севастьянов
210 _aМ.
_cНац. газ.
_d2002
215 _a128 с.
_d22
225 1 _aНациональная газета
_vСпецвыпуск N° 1-А
320 _aБиблиогр. в подстроч. примеч.
606 0 _a"Русская идея"
_91562965
_3RU\NLR\auth\66984097
606 _aНациональная политика
_yРоссийская Федерация
_3RU\NLR\auth\661295712
_92151651
610 0 _a<Русская идея>
675 _a323.13(470)(-161.1)
_v3
_zrus
686 _a11.15
_2rugasnti
686 _a66.5
_2rubbk
686 _aТ3(2)74-36
686 _aТ3(2)74-72
700 1 _aСевастьянов
_bА. Н.
_gАлександр Никитич
_4070
801 0 _aRU
_bRKP
_c20030219
_gPSBO
801 1 _aRU
_bRKP
_c20030219
801 2 _aRU
_bNLR
_c20030324
_grcr
942 _cBOOK
980 _aNB